Estabilizador de corriente alterna de potencia
La investigación se fundamenta en diseñar y construir un estabilizador de voltaje de alta potencia que garantice la protección y funcionamiento de maquinaria y equipos de amplio uso en la industria. Poner en práctica los conocimientos adquiridos y obtener experiencia profesional en la electrón...
| Main Authors: | , |
|---|---|
| Other Authors: | |
| Format: | Tesis Section = Libro |
| Language: | Undetermined Spanish |
| Published: |
Managua
UNI
[s.f.]
|
| Subjects: |
| LEADER | 01343nam a2200289Ia 4500 | ||
|---|---|---|---|
| 008 | 240830s9999 xx 000 0 und d | ||
| 040 | |a BIBLIOTECA-RUSB/ Mon 621.31924 E74 | ||
| 041 | |a spa | ||
| 082 | |a Mon 621.31924 E74 | ||
| 100 | 1 | |a Escobar Benítez, Luis, Velásquez | |
| 100 | 1 | |b Velásquez Somarriba, Álvaro Ricardo | |
| 245 | 1 | 0 | |a Estabilizador de corriente alterna de potencia |
| 260 | |a Managua |b UNI |c [s.f.] | ||
| 300 | |a 32 p. :il. | ||
| 500 | |a Contiene: apéndices. | ||
| 502 | |a Tesis (Ingeniero Electrónico) - UNI, [s.f]. | ||
| 520 | 3 | |a La investigación se fundamenta en diseñar y construir un estabilizador de voltaje de alta potencia que garantice la protección y funcionamiento de maquinaria y equipos de amplio uso en la industria. Poner en práctica los conocimientos adquiridos y obtener experiencia profesional en la electrónica y así contribuir al desarrollo económico del país. Obtener un precio competente en el mercado de este tipo de equipos al ser construidos en el país. | |
| 650 | 7 | |a RED ELECTRICA | |
| 650 | 7 | |b TRANSFORMADOR DE POTENCIA | |
| 650 | 7 | |c ESTABILIZADOR DE VOLTAJE | |
| 650 | 7 | |d EQUIPOS ELECTRONICOS | |
| 650 | 7 | |e CIRCUITOS | |
| 650 | 7 | |f CORRIENTE ALTERNA | |
| 700 | 1 | |a Tutor: |b Arcia Salmerón, José Manuel | |
| 942 | |c BK |2 ddc | ||
| 991 | |a TESIS | ||
| 999 | |c 20204 | ||